| 000 | 00409nam a2200157Ia 4500 | ||
|---|---|---|---|
| 008 | 220803s9999 xx 000 0 und d | ||
| 041 | _aeng | ||
| 082 | _a711.4 MUK | ||
| 100 |
_aMukhadekar A G _920601 |
||
| 245 | _aLekhi Karar Va Dastaivag : Kayade Va Namune | ||
| 250 | _a4th | ||
| 260 |
_aNashik _bShivash Publication _c2006 |
||
| 300 | _a612p | ||
| 500 | _aArchitecture | ||
| 650 |
_aUrban Design _920602 |
||
| 999 |
_c13783 _d13783 |
||